000 00675nam a2200217 u 4500
005 20240514063717.0
008 080311s2001 es r 000 0 spa d
020 _a8484330699
035 _aUPN01000154956
049 _aI
050 4 _aPZ71
_bG6.54
100 1 _aGómez Yebra, Antonio A.,
_d1950-
_931108
245 1 0 _aMi hermano y yo /
_cAntonio A. Gómez Yebra ; il. Estrella Fàges.
260 _aMadrid :
_bAlgaida,
_c2001.
300 _a54 p. :
_bil. col.
440 0 _aEl grillo rojo ;
_v12
650 4 _aHermanos y hermanas
_vLiteratura infantil
_98964
650 4 _aLiteratura infantil española
_95892
700 1 _aFàges, Estrella,
_eil.
905 _aInfantil
999 _c127072
_d127072